01455nam a2200241 a 4500001001000000005001700010008004100027041000800068044000700076084002100083245027500104260005400379300003200433500003300465500007800498500009700576505029500673650004800968650006801016650006201084700002801146700003901174BRCA_878320190320210417.0170417s1775----sp-#######---#000-0#spa-# aspa asp aBE160b.A56 177510aAño christianobó exercicios devotos para todos los domingos, días de quaresma y fiestas movibles del año,ctraducido fielmente del francés al castellano por el Doct. Joaquin Castellot, Capellan Doctoral de S.M. en su Real Capilla de la Encarnación de Madrid aMadridbEn la Imprenta de Don Antonio Perezc1775 a484 p. (t.4)c21.5 x 15 cm. aCon las licencias necesarias aEn portada: Desde el domingo de resurrección hasta la octava del corpus aEstado físico: presenta encuadernación en pergamino, con lomo desprendido y cintas rotas0 aContiene la historia o explicación de lo que hay más particular, è instructivo en semejantes días; algunas reflexiones sobre la epístola; una meditación después del evangelio de la misa, y algunos exercicios prácticos, ó propósitos adaptables á todo genero de personas14aEjercicios devotoszObras anteriores a 180014aCalendario devotosxIglesia católicazObras anteriores a 180014aMeditaciones del año cristianozObras anteriores a 18001 aCastellot, Joaquinetr.1 aPérez de Soto, AntonioeImpresor